Operation and modeling of the MOS transistor (Record no. 3949)

000 -LEADER
fixed length control field 00577nam a2200205 a 4500
001 - CONTROL NUMBER
control field 3949
003 - CONTROL NUMBER IDENTIFIER
control field BD-DhUET
008 - FIXED-LENGTH DATA ELEMENTS--GENERAL INFORMATION
fixed length control field 031117s1999 nyua b 001 0 eng
020 ## - INTERNATIONAL STANDARD BOOK NUMBER
International Standard Book Number 0071167919
040 ## - CATALOGING SOURCE
Original cataloging agency DLC
Transcribing agency DLC
Modifying agency BD-DhUET
082 00 - DEWEY DECIMAL CLASSIFICATION NUMBER
Classification number 623.815284
Item number TSI/1999
100 ## - MAIN ENTRY--PERSONAL NAME
Personal name Tsividis, Yannis
245 10 - TITLE STATEMENT
Title Operation and modeling of the MOS transistor
250 ## - EDITION STATEMENT
Edition statement 2nd ed.
260 ## - PUBLICATION, DISTRIBUTION, ETC. (IMPRINT)
Place of publication, distribution, etc. New York
Name of publisher, distributor, etc. Oxford University Press
Date of publication, distribution, etc. 1999
300 ## - PHYSICAL DESCRIPTION
Extent xx, 620p.
Other physical details ill.
504 ## - BIBLIOGRAPHY, ETC. NOTE
Bibliography, etc Includes bibliographies
650 #0 - SUBJECT ADDED ENTRY--TOPICAL TERM
Topical term or geographic name as entry element Metal oxide semiconductors - Mathematical models
942 ## - ADDED ENTRY ELEMENTS (KOHA)
Koha item type General Book
Holdings
Price effective from Withdrawn status Koha date last borrowed Damaged status Piece designation (barcode) Copy number Lost status Date acquired Location (home branch) Koha issues (times borrowed) Koha full call number Shelving location Koha normalized classification for sorting Koha date last seen Source of classification or shelving scheme Sublocation or collection (holding branch) Koha item type Not for loan
2014-11-09 2017-10-23 930071 2014-11-09Central Library, BUET1623.8152/TSI/1999 Circulation section623_000000000000000_8152TSI1992020-12-05 Central Library, BUETGeneral Book 
2014-12-02   930102 2014-12-02Central Library, BUET 623.8152/TSI/1999Circulation section623_815200000000000_TSI_19992014-12-02 Central Library, BUETGeneral Book 
2015-06-25   930053 2015-06-25Central Library, BUET 623.815284/TSI/1999Reading section623_815284000000000_TSI_19992015-06-25 Central Library, BUETReading Item 
2017-10-31   930094 1999-04-12Central Library, BUET 623.815284/TSI/1999Circulation section623_815284000000000_TSI_19992017-10-31 Central Library, BUETGeneral Book